Science Quiz

Random Science or Chemistry Quiz

Blitz: Name an Element Quiz Stats

 Plays Quiz Updated Dec 1, 2016

Challenge
Share
Tweet
Embed
Score 0/30 Timer 03:00
0 Plays Today
Name an element that ... Example Element % Correct
Has a one-letter symbolboron, ...
81.9%
Is a noble gashelium, ...
81.4%
Is one of the 10 most abundant in the universehydrogen, ...
80.7%
Has an atomic number under tenberyllium, ...
80.2%
Has a symbol that begins with a different letterpotassium, ...
80.2%
Is four letters longlead, ...
79.9%
Is a gas at room temperaturenitrogen, ...
79.7%
Begins with the letter 'R'ruthenium, ...
77.9%
Contains the letter 'X'oxygen, ...
74.9%
Is a non-silver colored metalcopper, ...
72.7%
Is a liquid at or near room temperaturemercury, ...
72.3%
Is five letters longargon, ...
71.4%
Is named after a real-life personeinsteinium, ...
71.4%
Occurs in nature and is always radioactiveuranium, ...
71%
Is named after an object in the solar systemcerium, ...
71%
Name an element that ... Example Element % Correct
Was known to the ancients in pure formsulfur, ...
70.3%
Is one of the 5 most abundant in Earth's crustsilicon, ...
69.8%
Is named after Ytterby, Swedenerbium, ...
63.3%
Is diatomic in naturefluorine, ...
59.9%
Is an alkali metallithium, ...
55.8%
Is a halogenchlorine, ...
53.6%
Is named after a countryfrancium, ...
53.4%
Is spelled differently in the UK/USc(a)esium, ...
50.7%
Is an alkaline earth metalcalcium, ...
46.9%
Has a density over 19 g/mLosmium, ...
42.5%
Is an actinideactinium, ...
41.2%
Is a metalloidboron, ...
38.4%
Is named after a female goddess or personvanadium, ...
36.6%
Is a lanthanidelanthanum, ...
34.8%
Was discovered after 1960lawrencium, ...
29.2%

You're not logged in!

Compare scores with friends on all Sporcle quizzes.
Join for Free
OR
Log In

You Might Also Like...

Show Comments

Extras

Top Quizzes Today


Score Distribution

Your Account Isn't Verified!

In order to create a playlist on Sporcle, you need to verify the email address you used during registration. Go to your Sporcle Settings to finish the process.

Report this User

Report this user for behavior that violates our Community Guidelines.

Details: